000 01344nam a2200349 i 4500
001 22860
003 KOSZ 005
005 20220322150456.0
008 990506s1983 pl a f |000 0 pol
015 _aPB 1984/843
035 _a(OCoLC)749733843
040 _aWA N
_cWA N
_dKOSZ 005/HR
041 0 _apol
046 _k1983
080 _a678
080 _a677
100 1 _aRomanowski, Stanisław
_d(1947- )
_eAutor
245 1 0 _aWybrane zagadnienia analizy właściwości mechanicznych niektórych konstrukcyjnych termoutwardzalnych tworzyw wzmacnianych /
_cStanisław Romanowski.
260 _aLublin :
_bWydawnictwa Uczelniane PL,
_c1983.
300 _a195 s. :
_bfot., rys., wykr. ;
_c24 cm.
380 _aKsiążki.
388 _a1901-2000
388 _a1945-1989
490 1 _aPrace Instytutu Technologii i Eksploatacji Maszyn / Politechnika Lubelska. Seria A, [Rozprawy i Studia],
_x0239-5851 ;
_vnr 12.
504 _aBibliogr. s. 187-195.
650 4 _aLaminaty
650 4 _aTworzywa konstrukcyjne
658 _aInżynieria i technika
830 0 _aPrace Instytutu Technologii i Eksploatacji Maszyn - Politechnika Lubelska.
_nSeria A,
_pRozprawy i Studia
_vnr 12
856 _uhttp://koha.tu.koszalin.pl/cgi-bin/koha/opac-detail.pl?biblionumber=22860
_yKatalog online BPK
942 _2UKD
_cKS
999 _c22860
_d22860